00974nam a2200301 4500001001400000005001700014008004100031020003100072040003100103041001300134044001100147072004800158080002500206080002300231100002900254240003900283245006200322264002700384300002300411336002600434337002900460338002900489655003100518655003000549655003100579655003300610700002900643vtls01174453820220428104049.0180305s2018 xo e 000 f slo c a9788055158617q(viazené) aTTKJFbslodTTKJFerdacsk1 asloheng axocSK 7a821.111(73)-3xAmerická próza2konspekt a821.111(73)-3122011 a(0:82-312.4)220111 aFinn, A. J.,d1979-4aut14aThe woman in the WindowlSlovensky10aŽena v oknecA. J. Finn ; preložil Matúš Kyčina 1aBratislavabIkarc2018 a485 stránc21 cm atextbtxt2rdacontent abez médiabn2rdamedia azväzokbnc2rdacarrier 7aamerické romány2SNKPH 7atrilery (romány)2SNKPH 7aAmerican fiction2SNKPHeng 7aThrillers (novels)2SNKPHeng1 aKyčina, Matúš4trl